| 000 | 00631nam a2200253Ia 4500 | ||
|---|---|---|---|
| 005 | 20250425162245.0 | ||
| 008 | 250425s9999 xx 000 0 und d | ||
| 041 | _aspa | ||
| 082 | _a553.09861 | ||
| 245 | 0 | _aRECURSOS MINERALES DE COLOMBIA | |
| 250 | _a2A ED. | ||
| 260 | _aBOGOTA | ||
| 260 |
_aColombia _bINGEOMINAS _c1987 |
||
| 300 | _a563 | ||
| 650 | _aMETALES PRECIOSOS | ||
| 650 | _aMINERALES METALICOS | ||
| 650 | _aMINERALES NO METALICOS | ||
| 650 | _aPIEDRAS PRECIOSAS | ||
| 650 | _aRECURSOS ENERGETICOS | ||
| 650 | _aRECURSOS MINERALES | ||
| 650 | _aRESERVAS-COLOMBIA | ||
| 942 | _c01 | ||
| 010 | _a58915 | ||
| 999 |
_c225517 _d225517 |
||